000 00830nam a2200229Ii 4500
003 JO-AjNU
008 230605s9999||||xx |||||||||||||| ||und||
017 _a2004/8/1833
020 _a9957-02-157-5
040 _aJO-AjNU
_bara
_erda
_cJO-AjNU
041 _aara
050 1 4 _aLB1027.H37 2005
100 3 _aحسنين، حسين محمد,
_eauthor
_922200
245 0 0 _aطرائق إبداعية في التعليم والتدريب: دليل لكل معلم ومعلمة = Creative Tecniques In Teaching and Training
250 _aط1
264 3 1 _aعمان: دار مجدلاوي، 2005
300 _a341ص
_bصور توضيحية
336 _atext
_btxt
_2rdacontent
337 _aunmediated
_bn
_2rdamedia
338 _avolume
_bnc
_2rdacarrier
650 4 _aالتعليم والتدريب - طرق تدريس
_922201
999 _aA7841
_c11409
_d11409